The purpose of knowledge: pragmatism and the praxis of marxist criminology

This paper revives and revises the argument that there is no place for a concept of crime in marxist theory, and consequently that there is no theoretical justification for the development of marxist criminology. However, earlier essays along these lines have adopted a rationalist epistemology in ad...

Ausführliche Beschreibung

Gespeichert in:  
Bibliographische Detailangaben
1. VerfasserIn: O'Malley, Pat (Verfasst von)
Medienart: Elektronisch Aufsatz
Sprache:Englisch
Veröffentlicht: 1988
In: Contemporary crises
Jahr: 1988, Band: 12, Heft: 1, Seiten: 65-79
Online-Zugang: Volltext (lizenzpflichtig)
Verfügbarkeit prüfen: HBZ Gateway
Schlagwörter:

MARC

LEADER 00000naa a22000002c 4500
001 1884717993
003 DE-627
005 20240402163736.0
007 cr uuu---uuuuu
008 240402s1988 xx |||||o 00| ||eng c
024 7 |a 10.1007/BF00728659  |2 doi 
035 |a (DE-627)1884717993 
035 |a (DE-599)KXP1884717993 
040 |a DE-627  |b ger  |c DE-627  |e rda 
041 |a eng 
084 |a 2,1  |2 ssgn 
100 1 |a O'Malley, Pat  |e VerfasserIn  |4 aut 
245 1 4 |a The purpose of knowledge: pragmatism and the praxis of marxist criminology  |c Pat O'Malley 
264 1 |c 1988 
336 |a Text  |b txt  |2 rdacontent 
337 |a Computermedien  |b c  |2 rdamedia 
338 |a Online-Ressource  |b cr  |2 rdacarrier 
520 |a This paper revives and revises the argument that there is no place for a concept of crime in marxist theory, and consequently that there is no theoretical justification for the development of marxist criminology. However, earlier essays along these lines have adopted a rationalist epistemology in advancing this case - with its attendant difficulties of idealism, privileged conceptualization and inflexibility. The present paper attempts to escape such problems, and to extend the critique of criminological theorization, by developing its case on the basis of a pragmatist epistemology. It is argued that the conflicting aims of marxist theory and the bourgeois legal theory from which ‘crime’ is transferred make it difficult for marxist criminology to generate a unified theory to guide political practice and research. Moreover, Marxists' privileging of the concept of crime may be systematically blinding them to political developments which render criminology historically obsolescent. 
650 4 |a International Relation 
650 4 |a Legal Theory 
650 4 |a Political Development 
650 4 |a Theoretical Justification 
650 4 |a Unify Theory 
773 0 8 |i Enthalten in  |t Contemporary crises  |d Amsterdam : Elsevier, 1977  |g 12(1988), 1, Seite 65-79  |h Online-Ressource  |w (DE-627)509398510  |w (DE-600)2226663-X  |w (DE-576)284748072  |7 nnas 
773 1 8 |g volume:12  |g year:1988  |g number:1  |g pages:65-79 
856 4 0 |u https://doi.org/10.1007/BF00728659  |x Resolving-System  |z lizenzpflichtig  |3 Volltext  |7 1 
951 |a AR 
ELC |a 1 
LOK |0 000 xxxxxcx a22 zn 4500 
LOK |0 001 4506321758 
LOK |0 003 DE-627 
LOK |0 004 1884717993 
LOK |0 005 20240402163959 
LOK |0 008 240402||||||||||||||||ger||||||| 
LOK |0 040   |a DE-21-110  |c DE-627  |d DE-21-110 
LOK |0 092   |o n 
LOK |0 852   |a DE-21-110 
LOK |0 852 1  |9 00 
LOK |0 935   |a krzo 
LOK |0 939   |a 02-04-24  |b l01 
ORI |a SA-MARC-krimdoka001.raw